Govt. of
Madhya Pradesh

Normal view MARC view

Entry Geographic Name

Number of records used in: 0

001 - CONTROL NUMBER

  • control field: 78896

003 - CONTROL NUMBER IDENTIFIER

  • control field: OSt

005 - DATE AND TIME OF LATEST TRANSACTION

  • control field: 20200709145048.0

008 - FIXED-LENGTH DATA ELEMENTS

  • fixed length control field: 200709|| aca||aabn | a|a d

040 ## - CATALOGING SOURCE

  • Original cataloging agency: OSt
  • Transcribing agency: OSt

151 ## - HEADING--GEOGRAPHIC NAME

  • Geographic name: उपन्‍यास

670 ## - SOURCE DATA FOUND

  • Source citation: Work cat.: (OSt): मिश्र,डाॅ भगवतीशरण 78895, अरण्‍या , 2019